Operation and modeling of the MOS transistor (Record no. 3949)

000 -LEADER
fixed length control field 00577nam a2200205 a 4500
001 - CONTROL NUMBER
control field 3949
003 - CONTROL NUMBER IDENTIFIER
control field BD-DhUET
008 - FIXED-LENGTH DATA ELEMENTS--GENERAL INFORMATION
fixed length control field 031117s1999 nyua b 001 0 eng
020 ## - INTERNATIONAL STANDARD BOOK NUMBER
International Standard Book Number 0071167919
040 ## - CATALOGING SOURCE
Original cataloging agency DLC
Transcribing agency DLC
Modifying agency BD-DhUET
082 00 - DEWEY DECIMAL CLASSIFICATION NUMBER
Classification number 623.815284
Item number TSI/1999
100 ## - MAIN ENTRY--PERSONAL NAME
Personal name Tsividis, Yannis
245 10 - TITLE STATEMENT
Title Operation and modeling of the MOS transistor
250 ## - EDITION STATEMENT
Edition statement 2nd ed.
260 ## - PUBLICATION, DISTRIBUTION, ETC. (IMPRINT)
Place of publication, distribution, etc. New York
Name of publisher, distributor, etc. Oxford University Press
Date of publication, distribution, etc. 1999
300 ## - PHYSICAL DESCRIPTION
Extent xx, 620p.
Other physical details ill.
504 ## - BIBLIOGRAPHY, ETC. NOTE
Bibliography, etc Includes bibliographies
650 #0 - SUBJECT ADDED ENTRY--TOPICAL TERM
Topical term or geographic name as entry element Metal oxide semiconductors - Mathematical models
942 ## - ADDED ENTRY ELEMENTS (KOHA)
Koha item type General Book
Holdings
Date acquired Koha issues (times borrowed) Piece designation (barcode) Sublocation or collection (holding branch) Price effective from Not for loan Source of classification or shelving scheme Koha full call number Koha item type Koha normalized classification for sorting Withdrawn status Location (home branch) Lost status Damaged status Koha date last borrowed Shelving location Koha date last seen Copy number
2014-11-09193007Central Library, BUET2014-11-09  623.8152/TSI/1999 General Book623_000000000000000_8152TSI199 Central Library, BUET  2017-10-23Circulation section2020-12-051
2014-12-02 93010Central Library, BUET2014-12-02  623.8152/TSI/1999General Book623_815200000000000_TSI_1999 Central Library, BUET   Circulation section2014-12-022
2015-06-25 93005Central Library, BUET2015-06-25  623.815284/TSI/1999Reading Item623_815284000000000_TSI_1999 Central Library, BUET   Reading section2015-06-253
1999-04-12 93009Central Library, BUET2017-10-31  623.815284/TSI/1999General Book623_815284000000000_TSI_1999 Central Library, BUET   Circulation section2017-10-314